[Event "C.to Italiano di Categoria C"]
[Site "Civitanova Marche ITA"]
[Date "2012.07.16"]
[Round "2"]
[White "Fasiello, Andrea"]
[Black "Serafini, Gino"]
[WhiteElo "1939"]
[BlackElo "1849"]
[Result "1-0"]
[PlyCount "35"]
[EventDate "2012.07.15"]

1. e4 e6 2. d4 d5 3. exd5 exd5 4. Bd3 Bd6 5. Nf3 Nf6 6. O-O O-O 7. h3 c6 8. Re1
Re8 9. Nbd2 b5 10. Ne5 Qc7 11. f4 Bf8 12. c3 a6 13. Ndf3 Ne4 14. Bxe4 dxe4 15.
Ng5 f6 16. Qb3+ Kh8 17. Ngf7+ Kg8 18. Nh6+ 1-0

[Event "C.to Italiano di Categoria C"]
[Site "Civitanova Marche ITA"]
[Date "2012.07.16"]
[Round "2"]
[White "Fragni, Enrico"]
[Black "Di Mantino, Mauro"]
[WhiteElo "1636"]
[BlackElo "1962"]
[Result "0-1"]
[PlyCount "114"]
[EventDate "2012.07.15"]

1. e4 c5 2. Nf3 e6 3. c3 Nc6 4. Be2 d5 5. d3 Nf6 6. Bg5 dxe4 7. Bxf6 Qxf6 8.
dxe4 Be7 9. Nbd2 O-O 10. O-O Rd8 11. Qc2 b6 12. Nc4 Bb7 13. Rad1 Qg6 14. Bd3
Qh5 15. Be2 b5 16. Ne3 a6 17. Ne1 Qh6 18. Ng4 Qg6 19. Bf3 h5 20. Ne3 Ne5 21.
Kh1 Nxf3 22. gxf3 Qf6 23. a3 Bd6 24. N3g2 Qe5 25. f4 Qxe4 26. Qxe4 Bxe4 27. f3
Bd5 28. Rf2 Bb3 29. Rdd2 Be7 30. Nd3 f6 31. Nc1 Bd5 32. Kg1 Bc6 33. Ne1 c4 34.
Kg2 Bc5 35. Rfe2 Rxd2 36. Rxd2 Be3 37. Rd1 Bxf4 38. Ne2 Bc7 39. Nc2 Bd5 40. Nb4
Rd8 41. Nxd5 Rxd5 42. Rxd5 exd5 43. h3 g5 44. Nd4 Bf4 45. Ne2 Be5 46. Kf1 Kf7
47. Ke1 Ke6 48. Kd2 f5 49. Ke3 f4+ 50. Kf2 Kf5 51. Ng1 a5 52. Ne2 b4 53. axb4
axb4 54. Ke1 g4 55. hxg4+ hxg4 56. fxg4+ Kxg4 57. Kf2 f3 0-1

[Event "C.to Italiano di Categoria C"]
[Site "Civitanova Marche ITA"]
[Date "2012.07.16"]
[Round "2"]
[White "Gobbo, Francesco"]
[Black "Benenati, Gianfranco"]
[WhiteElo "1982"]
[BlackElo "1916"]
[Result "1-0"]
[PlyCount "97"]
[EventDate "2012.07.15"]

1. d4 Nf6 2. c4 g6 3. Nc3 Bg7 4. e4 d6 5. Nf3 O-O 6. Be2 e5 7. d5 a5 8. Bg5 h6
9. Bh4 Na6 10. Nd2 Qe8 11. O-O Bd7 12. b3 Nc5 13. a3 Kh7 14. b4 axb4 15. axb4
Rxa1 16. Qxa1 Na6 17. Qa3 g5 18. Bg3 Bg4 19. f3 Bc8 20. c5 dxc5 21. bxc5 Nd7
22. Bf2 Ndb8 23. Nc4 f5 24. d6 fxe4 25. Nxe4 Nc6 26. dxc7 Nxc7 27. Ncd6 Qe7 28.
Nxc8 Rxc8 29. Nd6 Rb8 30. Qd3+ Kh8 31. Qe4 Ne6 32. Bd3 Nf8 33. h4 gxh4 34. Bxh4
Qe6 35. Bc4 Qg6 36. Qd5 Ne6 37. Qxe6 Qxe6 38. Bxe6 Nd4 39. Bd5 Nc6 40. Rb1 Nd4
41. Rxb7 Rf8 42. c6 e4 43. Bxe4 Ne6 44. c7 Bd4+ 45. Kh1 Nxc7 46. Rxc7 Rb8 47.
Nf7+ Kg8 48. Nxh6+ Kf8 49. Rf7+ 1-0

[Event "C.to Italiano di Categoria C"]
[Site "Civitanova Marche ITA"]
[Date "2012.07.16"]
[Round "2"]
[White "Gorgoglione, Enrico"]
[Black "Ricci, Alessio"]
[WhiteElo "1956"]
[BlackElo "1918"]
[Result "1-0"]
[PlyCount "77"]
[EventDate "2012.07.15"]

1. e4 Nc6 2. d4 e5 3. d5 Nce7 4. Bd3 Ng6 5. Ne2 Bc5 6. Nd2 Nf6 7. h3 O-O 8. Nf3
d6 9. Ng3 c6 10. O-O Nf4 11. Bxf4 exf4 12. Ne2 Nh5 13. Ned4 Qb6 14. dxc6 bxc6
15. c3 Qxb2 16. Rb1 Qxc3 17. Rb3 Qa5 18. Nxc6 Qxa2 19. Nfd4 g6 20. Bc4 Ba6 21.
Ne7+ Kh8 22. Qd3 Bxc4 23. Qxc4 Qd2 24. Nf3 Qa5 25. Kh2 Qc7 26. Nd5 Qd7 27. Rfb1
Bxf2 28. Qc3+ Kg8 29. Rb7 Rfc8 30. Rxd7 Rxc3 31. Nxc3 Rc8 32. Nd1 Bc5 33. Rbb7
Nf6 34. h4 Nxe4 35. Rxf7 a5 36. Rg7+ Kf8 37. Rxh7 Kg8 38. Ng5 Bd4 39. Nxe4 1-0

[Event "C.to Italiano di Categoria C"]
[Site "Civitanova Marche ITA"]
[Date "2012.07.16"]
[Round "2"]
[White "Maddaloni, Giovanni"]
[Black "Renzetti, Leonardo"]
[WhiteElo "1755"]
[BlackElo "1743"]
[Result "1-0"]
[PlyCount "55"]
[EventDate "2012.07.15"]

1. e4 e6 2. d4 d5 3. Nc3 Nf6 4. e5 Nfd7 5. Nf3 c5 6. dxc5 Bxc5 7. Bd3 Nc6 8.
Bf4 Qb6 9. O-O Qxb2 10. Na4 Qb4 11. Nxc5 Qxf4 12. Nxd7 Bxd7 13. Re1 O-O 14. Rb1
Rab8 15. c3 Rfc8 16. Rb3 Na5 17. Rb4 Nc4 18. Qb1 b5 19. Bxh7+ Kh8 20. Bd3 a5
21. Rb3 Nd2 22. Nxd2 Qxd2 23. Re3 a4 24. Rh3+ Kg8 25. Rb2 Qf4 26. Rb4 Qxe5 27.
Rbh4 Kf8 28. Qb4+ 1-0

[Event "C.to Italiano di Categoria C"]
[Site "Civitanova Marche ITA"]
[Date "2012.07.16"]
[Round "2"]
[White "Marani, Luca"]
[Black "Faini, Ivano"]
[WhiteElo "1816"]
[BlackElo "1631"]
[Result "1-0"]
[PlyCount "125"]
[EventDate "2012.07.15"]

1. e4 d5 2. exd5 Qxd5 3. Nc3 Qa5 4. d4 c6 5. Bc4 Nf6 6. Nf3 Bf5 7. O-O e6 8.
Bd2 Qc7 9. Re1 Be7 10. Ne2 O-O 11. Bf4 Bd6 12. Bxd6 Qxd6 13. Ng3 Bg6 14. c3
Nbd7 15. Qb3 Nb6 16. Bxe6 fxe6 17. Rxe6 Qd5 18. Rae1 Qxb3 19. axb3 Rfe8 20. Re7
Rxe7 21. Rxe7 Nbd7 22. Ne5 Rd8 23. h4 Kf8 24. Nxg6+ hxg6 25. Re3 Re8 26. Kf1
Rxe3 27. fxe3 Nd5 28. Kf2 N5f6 29. Kf3 Ke7 30. e4 a5 31. Kf4 Kf7 32. Kg5 Nh7+
33. Kf4 b5 34. e5 a4 35. bxa4 bxa4 36. Ne4 Nb6 37. Nd6+ Ke7 38. g4 Ke6 39. Ke4
Nf8 40. c4 Nfd7 41. Kf4 Nf8 42. Ke4 Nfd7 43. Kf4 Na8 44. Kg5 Nf8 45. Kf4 Nc7
46. Ne4 Na6 47. Nc3 Nb4 48. Nxa4 Nd3+ 49. Ke3 Ne1 50. Ke4 Ng2 51. h5 gxh5 52.
gxh5 Nh7 53. d5+ cxd5+ 54. cxd5+ Ke7 55. d6+ Kd8 56. e6 Nf6+ 57. Kf5 Nxh5 58.
Nc5 Nf6 59. Kg6 Nf4+ 60. Kf7 Nxe6 61. Kxe6 Ne8 62. Nb7+ Kc8 63. d7+ 1-0

[Event "C.to Italiano di Categoria C"]
[Site "Civitanova Marche ITA"]
[Date "2012.07.16"]
[Round "2"]
[White "Medorini, Massimiliano"]
[Black "Spano' Cuomo, Gaetano"]
[WhiteElo "1884"]
[BlackElo "1781"]
[Result "1-0"]
[PlyCount "35"]
[EventDate "2012.07.15"]

1. Nf3 Nf6 2. c4 d6 3. Nc3 e5 4. d4 exd4 5. Nxd4 Be7 6. g3 Nc6 7. Nxc6 bxc6 8.
Bg2 Bd7 9. O-O a5 10. b3 O-O 11. Bb2 Qc8 12. Qd2 Bh3 13. Bxc6 Bxf1 14. Bxa8 Qh3
15. Bf3 Ng4 16. Qd4 Nxh2 17. Rxf1 Nxf1 18. Nd5 1-0

[Event "C.to Italiano di Categoria C"]
[Site "Civitanova Marche ITA"]
[Date "2012.07.16"]
[Round "2"]
[White "Mircoli, Filippo"]
[Black "Marconi, Luca"]
[WhiteElo "1688"]
[BlackElo "1820"]
[Result "1-0"]
[PlyCount "89"]
[EventDate "2012.07.15"]

1. e4 e6 2. d4 d5 3. Nc3 Nf6 4. e5 Nfd7 5. f4 c5 6. Nf3 Nc6 7. Be3 Qb6 8. Na4
Qa5+ 9. c3 cxd4 10. b4 Qc7 11. Nxd4 Nxd4 12. Bxd4 Be7 13. Bd3 a6 14. O-O b5 15.
Nb2 Bb7 16. Qe2 Nb6 17. f5 Nc4 18. fxe6 fxe6 19. a4 g6 20. Nd1 Rf8 21. Rxf8+
Bxf8 22. Nf2 Bg7 23. Ng4 Bc6 24. a5 Qe7 25. Rf1 O-O-O 26. Nf6 Bh8 27. Qf2 Bxf6
28. exf6 Qf7 29. Bxc4 dxc4 30. Bc5 Rd5 31. Be7 Rg5 32. g3 Rd5 33. Qb6 Bb7 34.
Re1 e5 35. Rxe5 Rd1+ 36. Kf2 Rd2+ 37. Ke1 Rd5 38. Kf2 Rd2+ 39. Ke3 Rd3+ 40. Kf4
g5+ 41. Rxg5 Rf3+ 42. Kg4 h5+ 43. Kh4 Qe8 44. Qe6+ Kc7 45. Rc5+ 1-0

[Event "C.to Italiano di Categoria C"]
[Site "Civitanova Marche ITA"]
[Date "2012.07.16"]
[Round "2"]
[White "Occhipinti, Giuseppe"]
[Black "Tortolini, Francesco"]
[WhiteElo "1971"]
[BlackElo "1895"]
[Result "0-1"]
[PlyCount "112"]
[EventDate "2012.07.15"]

1. e4 c6 2. d4 d5 3. Nc3 dxe4 4. Nxe4 Bf5 5. Ng3 Bg6 6. h4 h6 7. h5 Bh7 8. Nf3
Nf6 9. Bd3 Bxd3 10. Qxd3 Qa5+ 11. Bd2 Qc7 12. O-O-O Nbd7 13. Qf5 e6 14. Bf4 Bd6
15. Bxd6 Qxd6 16. Ne4 Nxe4 17. Qxe4 Qd5 18. Qxd5 cxd5 19. Rde1 Rc8 20. Re3 Rc4
21. c3 b5 22. a3 a5 23. Nd2 Rc7 24. Nb3 a4 25. Nd2 O-O 26. f4 Rb8 27. Kb1 Nb6
28. g4 Nc4 29. Re2 Rb6 30. Rhe1 Rbc6 31. Nf1 Nd6 32. Ng3 Ne8 33. f5 Nf6 34.
fxe6 fxe6 35. Rxe6 Kf7 36. R6e5 Rd7 37. Rf1 Kg8 38. g5 hxg5 39. Rxg5 Nh7 40.
Re5 Nf6 41. Nf5 Kh7 42. Kc2 Ng4 43. Re2 Rf6 44. Rg2 Rxf5 45. Re1 Rf2+ 46. Rxf2
Nxf2 47. b3 axb3+ 48. Kxb3 Ne4 49. Kb4 Rc7 50. Kxb5 Rxc3 51. a4 Nd6+ 52. Kb6
Nc8+ 53. Kb7 Nd6+ 54. Kb6 Ra3 55. Kc6 Nf5 56. Kxd5 Rxa4 0-1

[Event "C.to Italiano di Categoria C"]
[Site "Civitanova Marche ITA"]
[Date "2012.07.16"]
[Round "2"]
[White "Piergentili, Roberto"]
[Black "Santeramo, Alessia Carmen"]
[WhiteElo "1713"]
[BlackElo "1834"]
[Result "0-1"]
[PlyCount "143"]
[EventDate "2012.07.15"]

1. d4 d5 2. c4 c6 3. Nc3 dxc4 4. a4 Nf6 5. e4 Nbd7 6. Bxc4 e6 7. Nf3 Bb4 8. Qc2
h6 9. O-O O-O 10. Rd1 Nb6 11. Ba2 Qe7 12. Bb1 e5 13. Nxe5 Re8 14. a5 Nbd7 15.
Nxd7 Nxd7 16. e5 Nf8 17. Ne4 Be6 18. Qd3 Ng6 19. Qg3 Qh4 20. Qxh4 Nxh4 21. Bd2
Be7 22. Ba2 Bxa2 23. Rxa2 Rad8 24. Bc3 Ng6 25. Raa1 Nf4 26. Rd2 Nd5 27. Rad1
Rd7 28. Nc5 Nxc3 29. bxc3 Bxc5 30. dxc5 Rxd2 31. Rxd2 Rxe5 32. Rd8+ Kh7 33. Kf1
Rxc5 34. Rd7 Rxa5 35. Rxb7 Kg6 36. Rc7 Rc5 37. Rxa7 Rxc3 38. Rc7 Rc2 39. g3 c5
40. Kg2 Kf6 41. Kf3 Ke6 42. Ke3 g6 43. h4 h5 44. Ke4 Re2+ 45. Kf3 Re5 46. Kf4
Rf5+ 47. Ke3 Kd6 48. Ra7 Kd5 49. Rd7+ Kc4 50. f4 Kc3 51. Rc7 c4 52. Ke4 Rf6 53.
Kd5 Kd3 54. Rd7 Rf5+ 55. Kc6+ Kc2 56. Kd6 c3 57. Ke7 Kb2 58. Rb7+ Kc1 59. Rc7
c2 60. Rc8 Rb5 61. Kxf7 Rb6 62. Rg8 Kb2 63. Rxg6 Rxg6 64. Kxg6 c1=Q 65. Kxh5
Qc5+ 66. Kg4 Kc3 67. f5 Kd4 68. Kg5 Ke5 69. g4 Qe7+ 70. Kh5 Kf6 71. g5+ Kxf5
72. g6 0-1

[Event "C.to Italiano di Categoria C"]
[Site "Civitanova Marche ITA"]
[Date "2012.07.16"]
[Round "2"]
[White "Quattrini, Massimo"]
[Black "Nassetti, Francesco"]
[WhiteElo "1944"]
[BlackElo "1843"]
[Result "1-0"]
[PlyCount "83"]
[EventDate "2012.07.15"]

1. e4 c6 2. d4 d5 3. exd5 cxd5 4. Bd3 Nc6 5. c3 g6 6. Bf4 Bg7 7. Nf3 Nf6 8.
Nbd2 O-O 9. O-O Qb6 10. Qb3 Qxb3 11. axb3 Nh5 12. Bg5 e5 13. Nxe5 Nxe5 14. dxe5
h6 15. Be3 g5 16. Rxa7 Rxa7 17. Bxa7 Bxe5 18. Re1 Bf4 19. Nf3 Bg4 20. Be3 Bxf3
21. gxf3 Ra8 22. c4 Rd8 23. Bb6 Rd6 24. Re8+ Kg7 25. Bd4+ Nf6 26. c5 Re6 27.
Rxe6 fxe6 28. b4 Kf7 29. b5 e5 30. Be3 Ke6 31. b4 Kd7 32. b6 d4 33. Bxf4 exf4
34. Be4 Kc8 35. Kf1 Kb8 36. Ke2 Nxe4 37. fxe4 g4 38. b5 h5 39. e5 h4 40. e6 Kc8
41. c6 d3+ 42. Kxd3 1-0

[Event "C.to Italiano di Categoria C"]
[Site "Civitanova Marche ITA"]
[Date "2012.07.16"]
[Round "2"]
[White "Rubini, Alessandro"]
[Black "Piana, Ricardo"]
[WhiteElo "1917"]
[BlackElo "1808"]
[Result "1-0"]
[PlyCount "103"]
[EventDate "2012.07.15"]

1. e4 c5 2. Nf3 d6 3. d4 cxd4 4. Qxd4 a6 5. Bc4 Nc6 6. Qd3 Bg4 7. Qb3 e6 8.
Qxb7 Na5 9. Qb4 d5 10. Qa4+ Qd7 11. Qxd7+ Kxd7 12. Ne5+ Ke8 13. Nxg4 Nxc4 14.
exd5 exd5 15. O-O h5 16. Re1+ Be7 17. Ne3 Nf6 18. Nf5 Ra7 19. b3 Na5 20. Ba3
Nc6 21. Nxg7+ Kf8 22. Nf5 Bxa3 23. Nxa3 Rg8 24. c4 d4 25. Rad1 Rd7 26. Nc2 Rg4
27. f3 Rf4 28. Ng3 d3 29. Ne3 Rfd4 30. Nef5 d2 31. Re2 Rd3 32. Nf1 Nb4 33.
Rexd2 Rxd2 34. Rxd2 Rxd2 35. Nxd2 Nxa2 36. Kf2 Ke8 37. Nd6+ Ke7 38. N6e4 Nd7
39. Kg3 f5 40. Nf2 Nc1 41. b4 Ne5 42. Kf4 Ke6 43. Ke3 Na2 44. f4 Nd7 45. Nd3
Kd6 46. Kd4 Nb8 47. c5+ Ke6 48. Kc4 Nc6 49. Kb3 Naxb4 50. Nxb4 Nd4+ 51. Kc4 Ne2
52. g3 1-0

[Event "C.to Italiano di Categoria C"]
[Site "Civitanova Marche ITA"]
[Date "2012.07.16"]
[Round "2"]
[White "Tagliaferri, Valerio"]
[Black "Capossela, Fabio"]
[WhiteElo "1837"]
[BlackElo "1693"]
[Result "0-1"]
[PlyCount "88"]
[EventDate "2012.07.15"]

1. d4 Nf6 2. c4 e6 3. Nc3 c5 4. d5 d6 5. dxe6 fxe6 6. e4 Nc6 7. Nge2 Be7 8. f3
O-O 9. Be3 b6 10. Qd2 Bb7 11. O-O-O Qd7 12. Nf4 Ne5 13. Be2 Bc6 14. Qc2 a6 15.
Qb3 Rab8 16. Rd2 Rb7 17. Rhd1 Ne8 18. Kb1 Nc7 19. a4 Rfb8 20. Qa2 Nf7 21. Rc1
Bf6 22. b3 Bxc3 23. Rxc3 Qe8 24. Kc1 b5 25. axb5 axb5 26. Kd1 bxc4 27. Bxc4 Bb5
28. Ke1 Bxc4 29. bxc4 Qe7 30. g3 Qf6 31. Qc2 e5 32. Ne2 Qxf3 33. Bxc5 Rb1+ 34.
Rd1 Rxd1+ 35. Kxd1 Qf1+ 36. Kd2 dxc5 37. Rd3 Ng5 38. Rd7 Nce6 39. Qa2 Nxe4+ 40.
Ke3 N4g5 41. h4 Qf3+ 42. Kd2 Ne4+ 43. Ke1 Qf2+ 44. Kd1 Qf1+ 0-1

[Event "C.to Italiano di Categoria C"]
[Site "Civitanova Marche ITA"]
[Date "2012.07.17"]
[Round "3"]
[White "Altini, Ruggiero"]
[Black "Danese, Aldo"]
[WhiteElo "1873"]
[BlackElo "1864"]
[Result "0-1"]
[PlyCount "49"]
[EventDate "2012.07.15"]

1. d4 g6 2. c4 c6 3. Nc3 Bg7 4. e4 d6 5. Be3 Nf6 6. f3 O-O 7. Bd3 e5 8. d5 Nh5
9. Qd2 c5 10. g4 Nf6 11. h4 Ne8 12. h5 f5 13. hxg6 hxg6 14. exf5 gxf5 15. Bh6
Qc7 16. O-O-O Bxh6 17. Qxh6 Qg7 18. g5 Na6 19. a3 Nac7 20. Nge2 a6 21. Rdg1 Bd7
22. Ng3 b5 23. Nh5 Qxh6 24. gxh6+ Kh8 25. Rg7 0-1

[Event "C.to Italiano di Categoria C"]
[Site "Civitanova Marche ITA"]
[Date "2012.07.17"]
[Round "3"]
[White "Antonelli, Alessandro"]
[Black "Maddaloni, Giovanni"]
[WhiteElo "1973"]
[BlackElo "1755"]
[Result "1-0"]
[PlyCount "49"]
[EventDate "2012.07.15"]

1. d4 Nf6 2. c4 c5 3. d5 e5 4. Nc3 d6 5. e4 Be7 6. Nf3 Nfd7 7. Bd3 Nf6 8. a3
Nc6 9. b4 b6 10. bxc5 bxc5 11. Rb1 O-O 12. O-O Bg4 13. Bd2 h6 14. h3 Bxf3 15.
Qxf3 Rb8 16. Rxb8 Qxb8 17. Rb1 Qc7 18. Qd1 Rb8 19. Rb3 Bf8 20. Qb1 Rxb3 21.
Qxb3 Nh5 22. g3 Qd7 23. Kg2 Be7 24. Qb5 Nf6 25. a4 1-0

[Event "C.to Italiano di Categoria C"]
[Site "Civitanova Marche ITA"]
[Date "2012.07.17"]
[Round "3"]
[White "Benenati, Gianfranco"]
[Black "Mastroddi, Giuseppe"]
[WhiteElo "1916"]
[BlackElo "1684"]
[Result "1-0"]
[PlyCount "111"]
[EventDate "2012.07.15"]

1. e4 c5 2. Bc4 d6 3. Nf3 Nf6 4. Nc3 g6 5. d4 cxd4 6. Nxd4 Bg7 7. Bb3 O-O 8.
O-O Nc6 9. Be3 Bd7 10. Qd2 Nxd4 11. Bxd4 a6 12. Rad1 Qc7 13. f3 b5 14. a3 Be6
15. Qf2 Bxb3 16. cxb3 Rac8 17. Rc1 Qb7 18. Be3 Rc6 19. Ne2 Rfc8 20. Rxc6 Rxc6
21. Nd4 Rc8 22. Qd2 Nd7 23. Ne2 Nf6 24. Kh1 Ne8 25. Nf4 Nf6 26. Rc1 Rc7 27.
Rxc7 Qxc7 28. g4 e5 29. Ne2 Qc6 30. Qc3 Qxc3 31. Nxc3 Ne8 32. Nd5 Bf6 33. a4
Bd8 34. Kg2 Nc7 35. Nb4 Kf8 36. Bb6 bxa4 37. bxa4 Ke8 38. Bxc7 Bxc7 39. Nxa6
Bb6 40. Nb4 Kd7 41. Kf1 Ba5 42. Nd5 Kc6 43. b4 Bd8 44. Ke2 h5 45. h3 hxg4 46.
hxg4 Kb7 47. Kd3 Kc6 48. Kc4 Kb7 49. Kb5 f5 50. gxf5 gxf5 51. exf5 Bg5 52. f6
Bh6 53. f7 Bf8 54. Nf6 Be7 55. Kc4 Kc6 56. b5+ 1-0

[Event "C.to Italiano di Categoria C"]
[Site "Civitanova Marche ITA"]
[Date "2012.07.17"]
[Round "3"]
[White "De Fazio, Giovanni"]
[Black "Bruglia Prazio, Orlando"]
[WhiteElo "1756"]
[BlackElo "1933"]
[Result "0-1"]
[PlyCount "188"]
[EventDate "2012.07.15"]

1. e4 e6 2. d4 d5 3. exd5 exd5 4. Nf3 Bd6 5. c4 c6 6. Nc3 Ne7 7. Be2 h6 8. O-O
O-O 9. Re1 Nd7 10. cxd5 Nxd5 11. Nxd5 cxd5 12. Qb3 Nf6 13. h3 Rb8 14. Be3 Bf5
15. Ne5 Re8 16. Rac1 Be4 17. Rc3 Qe7 18. a3 a6 19. Bf4 Rbc8 20. Rg3 Bc2 21. Qe3
Ne4 22. Rf3 Qd8 23. Nxf7 Kxf7 24. Bxd6+ Kg8 25. Be5 Qb6 26. Qf4 Re7 27. b4 a5
28. Rc1 Ng5 29. Rg3 Rf8 30. Qe3 Bh7 31. h4 Ne4 32. bxa5 Qxa5 33. Rf3 Rfe8 34.
Bd3 Qb6 35. Rb1 Qa5 36. Rf4 Qd8 37. f3 Nd6 38. Bxh7+ Kxh7 39. Qd3+ Kg8 40. Rg4
Rf7 41. Qd2 Re6 42. h5 Nc4 43. Qc1 Qa5 44. Rg6 Ree7 45. Qxh6 Nxe5 46. dxe5 Rxe5
47. Qc1 Rc7 48. Qf4 Rxh5 49. Qe3 Qa4 50. Re6 Qc2 51. Re1 Qc5 52. Rb1 d4 53.
Re8+ Kh7 54. Qd3+ Qf5 55. Rd1 Qxd3 56. Rxd3 Rd5 57. Re4 Rc4 58. Kf2 Kg6 59. g4
Kf6 60. Kg3 g5 61. f4 Rc3 62. fxg5+ Kxg5 63. Ree3 Rc1 64. Rf3 Rg1+ 65. Kf2 Rxg4
66. Ke2 Rb5 67. Kd2 Rb1 68. Kc2 Ra1 69. Kb2 Rag1 70. Kb3 Rc1 71. Rf7 Kg6 72.
Rff3 Re4 73. Kb2 Rce1 74. Kc2 Kg5 75. Kb3 Kg4 76. Rg3+ Kf4 77. Rh3 R1e3 78. Kc4
Rxd3 79. Rxd3 Ke5 80. a4 Re1 81. Kb5 Ke4 82. Rh3 Re3 83. Rh4+ Kd3 84. Kb6 Re7
85. Kc5 Rd7 86. a5 Kc3 87. Kb6 d3 88. Rh3 Kc2 89. Rh4 d2 90. Rc4+ Kd3 91. Rc7
Rd6+ 92. Kxb7 d1=Q 93. a6 Qb3+ 94. Ka7 Qb6+ 0-1

[Event "C.to Italiano di Categoria C"]
[Site "Civitanova Marche ITA"]
[Date "2012.07.17"]
[Round "3"]
[White "Della Sala, Bruno"]
[Black "Marani, Luca"]
[WhiteElo "1826"]
[BlackElo "1816"]
[Result "1-0"]
[PlyCount "65"]
[EventDate "2012.07.15"]

1. d4 d5 2. c4 e6 3. Nc3 Nf6 4. cxd5 exd5 5. Bg5 Be7 6. Qc2 O-O 7. e3 Bg4 8.
Bd3 Nbd7 9. Nge2 c6 10. f3 Bh5 11. O-O Bg6 12. e4 dxe4 13. fxe4 Nxe4 14. Bxe7
Qxe7 15. Nxe4 Rae8 16. N2c3 f5 17. Nf2 Qd6 18. Rad1 Nf6 19. Bc4+ Kh8 20. d5 Ng4
21. Nxg4 Qc5+ 22. Nf2 Qxc4 23. Qd3 Qb4 24. Rd2 f4 25. Qd4 Qa5 26. b4 Qa3 27. d6
Re3 28. Nfd1 Ree8 29. d7 Rd8 30. Rxf4 Rxf4 31. Qxf4 Qa6 32. Qc7 Rf8 33. b5 1-0

[Event "C.to Italiano di Categoria C"]
[Site "Civitanova Marche ITA"]
[Date "2012.07.17"]
[Round "3"]
[White "Di Mantino, Mauro"]
[Black "Aprile, Martino"]
[WhiteElo "1962"]
[BlackElo "1925"]
[Result "1-0"]
[PlyCount "75"]
[EventDate "2012.07.15"]

1. d4 Nf6 2. Nf3 g6 3. Nc3 d5 4. Bg5 Bg7 5. Qd2 h6 6. Bxf6 exf6 7. g3 c6 8. Bg2
Nd7 9. e4 dxe4 10. Nxe4 O-O 11. O-O Nb6 12. Rad1 f5 13. Nc5 Nd7 14. Nxd7 Bxd7
15. Ne5 Be6 16. Qb4 Qc7 17. Rfe1 Rfd8 18. Nxg6 Kh7 19. Nf4 a5 20. Qc3 c5 21.
Nxe6 fxe6 22. Rxe6 Bxd4 23. Qf3 Qf7 24. Rde1 Rd7 25. Bh3 Rf8 26. Qf4 Bg7 27.
Qh4 b5 28. Bg2 b4 29. Bc6 Rdd8 30. Bf3 Rde8 31. Bd5 Qd7 32. Qh5 Rxe6 33. Bxe6
Qd2 34. Bxf5+ Kh8 35. Re8 Qc1+ 36. Kg2 Qg5 37. Qf7 Qxf5 38. Rxf8+ 1-0

[Event "C.to Italiano di Categoria C"]
[Site "Civitanova Marche ITA"]
[Date "2012.07.17"]
[Round "3"]
[White "Faini, Ivano"]
[Black "Falchi, Claudio"]
[WhiteElo "1631"]
[BlackElo "1849"]
[Result "0-1"]
[PlyCount "70"]
[EventDate "2012.07.15"]

1. e4 e6 2. d3 d5 3. Nd2 Nf6 4. Ngf3 c5 5. g3 Nc6 6. Bg2 Be7 7. O-O b5 8. Re1
a5 9. e5 Nd7 10. a3 Ba6 11. h4 Qc7 12. Qe2 c4 13. Nf1 b4 14. Bf4 cxd3 15. cxd3
Qb6 16. Bg5 Rc8 17. Bxe7 Kxe7 18. Bh3 Nc5 19. Qe3 Bxd3 20. Ng5 h6 21. Nf3 Qb5
22. Nd4 Nxd4 23. Qxd4 Nb3 24. Qa7+ Qd7 25. Qxd7+ Kxd7 26. Rad1 Bxf1 27. Bxf1
Rc2 28. axb4 axb4 29. Re2 Rhc8 30. Re4 Rb8 31. Bh3 Ke7 32. Rg4 g6 33. Rf4 Rxb2
34. h5 gxh5 35. Rf6 Nd2 0-1

[Event "C.to Italiano di Categoria C"]
[Site "Civitanova Marche ITA"]
[Date "2012.07.17"]
[Round "3"]
[White "Faini, Marco"]
[Black "Gorgoglione, Enrico"]
[WhiteElo "1908"]
[BlackElo "1956"]
[Result "1/2-1/2"]
[PlyCount "49"]
[EventDate "2012.07.15"]

1. c4 e6 2. g3 f5 3. Bg2 Nf6 4. d3 Nc6 5. Nf3 Bb4+ 6. Bd2 Qe7 7. a3 Bxd2+ 8.
Nbxd2 a5 9. b3 O-O 10. Qc2 d6 11. O-O e5 12. e3 Nh5 13. d4 e4 14. Ne1 g5 15.
Qc3 g4 16. Nc2 Qf6 17. b4 a4 18. Rab1 Be6 19. b5 Ne7 20. Rfc1 Ng7 21. Nb4 Qg5
22. Kf1 Rfc8 23. Ke2 h5 24. Qc2 Ne8 25. Ke1 1/2-1/2

[Event "C.to Italiano di Categoria C"]
[Site "Civitanova Marche ITA"]
[Date "2012.07.17"]
[Round "3"]
[White "Marconi, Luca"]
[Black "Piergentili, Roberto"]
[WhiteElo "1820"]
[BlackElo "1713"]
[Result "1-0"]
[PlyCount "83"]
[EventDate "2012.07.15"]

1. d4 d5 2. c4 c6 3. Nc3 Nf6 4. Nf3 dxc4 5. a4 Bf5 6. e3 e6 7. Bxc4 Bb4 8. O-O
Nbd7 9. Qb3 a5 10. Bd2 O-O 11. Rfe1 Ne4 12. Nxe4 Bxe4 13. Bxb4 axb4 14. Nd2 Nf6
15. f3 Bd5 16. Qxb4 Re8 17. Bd3 e5 18. e4 c5 19. Qxc5 Bc6 20. d5 Ra5 21. Qc3
Nxd5 22. exd5 Rxd5 23. Re3 Qb6 24. Nc4 Qa7 25. Be4 Rd4 26. b3 Bxe4 27. fxe4
Rxe4 28. Kh1 Qd4 29. Qxd4 exd4 30. Rxe4 Rxe4 31. Rd1 Kf8 32. Kg1 Ke7 33. Kf2 g5
34. Re1 f5 35. Rxe4+ fxe4 36. Na5 Kd6 37. Nxb7+ Kd5 38. Ke2 Kc6 39. Na5+ Kc5
40. Nc4 Kb4 41. Nd6 e3 42. Nf5 1-0

[Event "C.to Italiano di Categoria C"]
[Site "Civitanova Marche ITA"]
[Date "2012.07.17"]
[Round "3"]
[White "Medorini, Massimiliano"]
[Black "Fasiello, Andrea"]
[WhiteElo "1884"]
[BlackElo "1939"]
[Result "0-1"]
[PlyCount "64"]
[EventDate "2012.07.15"]

1. Nf3 d5 2. c4 e6 3. e3 Nf6 4. Nc3 Be7 5. g4 h6 6. b3 c5 7. Bb2 Nc6 8. g5 hxg5
9. Nxg5 d4 10. Nce4 Nxe4 11. Nxe4 f5 12. Ng3 e5 13. Qf3 e4 14. Nxe4 fxe4 15.
Qxe4 O-O 16. Rg1 Bf5 17. Qg2 Bf6 18. e4 Bxe4 19. Qg4 Re8 20. O-O-O d3 21. f3
Bxb2+ 22. Kxb2 Qf6+ 23. Kb1 Bxf3 24. Qh3 Rad8 25. Rc1 Nb4 26. a3 Nc2 27. Bxd3
Nxa3+ 28. Ka2 Rxd3 29. Kxa3 Qa6+ 30. Kb2 Rxd2+ 31. Rc2 Rxc2+ 32. Kxc2 Re2+ 0-1

[Event "C.to Italiano di Categoria C"]
[Site "Civitanova Marche ITA"]
[Date "2012.07.17"]
[Round "3"]
[White "Mombelli, Antonio"]
[Black "Fragni, Enrico"]
[WhiteElo "1808"]
[BlackElo "1636"]
[Result "1/2-1/2"]
[PlyCount "89"]
[EventDate "2012.07.15"]

1. e4 d6 2. d4 c6 3. Nf3 Bg4 4. Be2 Nd7 5. O-O e5 6. c3 Ngf6 7. h3 Bh5 8. Nbd2
Be7 9. Qc2 h6 10. Re1 Qc7 11. dxe5 dxe5 12. Nf1 g5 13. Ng3 Bg6 14. Nf5 Bf8 15.
b4 Nh5 16. g3 Bxf5 17. exf5 O-O-O 18. Be3 Kb8 19. a4 e4 20. Qxe4 Bd6 21. Nd4
Rde8 22. Qf3 Ndf6 23. Bd3 Rhg8 24. g4 Nf4 25. Bxf4 Bxf4 26. Rxe8+ Rxe8 27. Rd1
h5 28. Kg2 h4 29. Bc4 Be5 30. a5 a6 31. Nb3 Bd6 32. Nd4 Be5 33. Nb3 Re7 34. Nc5
Bd6 35. Na4 Nd7 36. Nb6 Nxb6 37. axb6 Qd8 38. f6 Rd7 39. Qf5 Qe8 40. Qd3 Qe5
41. Rh1 Kc8 42. Qf3 Qf4 43. Qxf4 Bxf4 44. Re1 Kd8 45. Bb3 1/2-1/2

[Event "C.to Italiano di Categoria C"]
[Site "Civitanova Marche ITA"]
[Date "2012.07.17"]
[Round "3"]
[White "Nassetti, Francesco"]
[Black "Catalano, Luigi"]
[WhiteElo "1843"]
[BlackElo "1690"]
[Result "1-0"]
[PlyCount "79"]
[EventDate "2012.07.15"]

1. e4 g6 2. d4 Bg7 3. Nc3 d6 4. Bg5 h6 5. Be3 e6 6. f4 Ne7 7. h4 Nd7 8. h5 c5
9. hxg6 Nxg6 10. Nf3 cxd4 11. Nxd4 a6 12. Be2 e5 13. Nf5 Bf8 14. Nxd6+ Bxd6 15.
Qxd6 Nxf4 16. Bxf4 exf4 17. Qxf4 Qf6 18. Qe3 Qb6 19. Qxb6 Nxb6 20. Nd5 Nxd5 21.
exd5 Bf5 22. Kd2 O-O-O 23. c4 Bg6 24. Bd3 b5 25. b3 a5 26. Rae1 Rd7 27. Bxg6
fxg6 28. Re6 Rc7 29. Kd3 bxc4+ 30. bxc4 Rb7 31. Kc3 Rc7 32. Ra6 Rf8 33. Ra8+
Kb7 34. Rxf8 Re7 35. Rxh6 Rg7 36. c5 Ka6 37. a4 Kb7 38. Kd4 Ka7 39. Rfh8 Kb7
40. R8h7 1-0